00437nam a2200133Ia 4500008004100000020001800041041000800059082001700067100001500084245001500099260004700114999001900161952012300180230717s9999 xx 000 0 und d a1-874241-70-8 aeng a346.015bCUR aCurzon L.B aFamily Law aLondonbCavendish Publishing Limitedc1995 c671688d671688 011040708LLBaNLPbNLPcNLP-27d2001-03-31g250.00l0o346.015 CURpNLP-N05584r2023-07-17 00:00:00w2023-07-17yBK